Movimientos sociales e ideologías en las sociedades dependientes /
Saved in:
| Main Author: | |
|---|---|
| Format: | Text |
| Tags: |
Add Tag
No Tags, Be the first to tag this record!
|
MARC
| LEADER | 00000 a a2200000 04500 | ||
|---|---|---|---|
| 001 | 47572 | ||
| 003 | |||
| 040 | |||
| 100 | |a Touraine, Alain | ||
| 245 | |a Movimientos sociales e ideologías en las sociedades dependientes / |c Alain Touraine | ||
| 246 | |a Teoría de los movimientos sociales | ||
| 773 | |g número17, (1988), páginas 77-93 | ||
| 999 | |c 29282 |d 29282 | ||
